<?xml version="1.0" encoding="UTF-8"?>
<record
    xmlns:xsi="http://www.w3.org/2001/XMLSchema-instance"
    xsi:schemaLocation="http://www.loc.gov/MARC21/slim http://www.loc.gov/standards/marcxml/schema/MARC21slim.xsd"
    xmlns="http://www.loc.gov/MARC21/slim">

  <leader>03797cam a22004814i 4500</leader>
  <controlfield tag="003">PE-LiUPU</controlfield>
  <controlfield tag="005">20250731165418.0</controlfield>
  <controlfield tag="008">151210s2012    pe a   grm    000 0 spa d</controlfield>
  <datafield tag="035" ind1=" " ind2=" ">
    <subfield code="a">(Sirsi) a155480</subfield>
  </datafield>
  <datafield tag="040" ind1=" " ind2=" ">
    <subfield code="a">PE-LiUPU</subfield>
    <subfield code="b">spa</subfield>
    <subfield code="c">PE-LiUPU</subfield>
    <subfield code="e">rda</subfield>
  </datafield>
  <datafield tag="082" ind1="0" ind2="4">
    <subfield code="a">234.7</subfield>
    <subfield code="b">G79 T3</subfield>
  </datafield>
  <datafield tag="099" ind1=" " ind2=" ">
    <subfield code="a">TT 3</subfield>
    <subfield code="b">G79 2012</subfield>
  </datafield>
  <datafield tag="100" ind1="1" ind2=" ">
    <subfield code="a">Graf Maiorov, Roy Edgar</subfield>
    <subfield code="e">autor</subfield>
  </datafield>
  <datafield tag="245" ind1="1" ind2="3">
    <subfield code="a">El uso de G&#xE9;nesis 15: 6 por Pablo y Santiago: Implicaciones Hermeneuticas /</subfield>
    <subfield code="c">Roy Edgar Graf Maiorov.</subfield>
  </datafield>
  <datafield tag="264" ind1=" " ind2="0">
    <subfield code="c">2012.</subfield>
  </datafield>
  <datafield tag="300" ind1=" " ind2=" ">
    <subfield code="a">177 hojas : </subfield>
    <subfield code="b">ilustraciones;</subfield>
    <subfield code="c">28 cm</subfield>
  </datafield>
  <datafield tag="336" ind1=" " ind2=" ">
    <subfield code="a">text</subfield>
    <subfield code="2">rdacontent</subfield>
  </datafield>
  <datafield tag="337" ind1=" " ind2=" ">
    <subfield code="a">unmediated</subfield>
    <subfield code="2">rdamedia</subfield>
  </datafield>
  <datafield tag="338" ind1=" " ind2=" ">
    <subfield code="a">volume</subfield>
    <subfield code="2">rdacarrier</subfield>
  </datafield>
  <datafield tag="502" ind1=" " ind2=" ">
    <subfield code="a">Tesis</subfield>
    <subfield code="b">(Mg.) -- </subfield>
    <subfield code="c">Universidad Peruana Uni&#xF3;n,</subfield>
    <subfield code="d">2012.</subfield>
  </datafield>
  <datafield tag="504" ind1=" " ind2=" ">
    <subfield code="a">Incluye referencias</subfield>
  </datafield>
  <datafield tag="520" ind1="3" ind2=" ">
    <subfield code="a">Esta investigaci&#xF3;n es de car&#xE1;cter exeg&#xE9;tico-teol&#xF3;gico. Analiza G&#xE9;nesis 15: 6 en su contexto y su uso en Romanos 4:3,9,22, G&#xE1;latas 3:6 y Santiago 2:23. Sobre esta base se compara el significado original de G&#xE9;nesis 15:6 con las interpretaciones del mismo texto en el Nuevo Testamento. La forma en la que Pablo y Santiago usaron G&#xE9;nesis 15:6 en el Nuevo Testamento permite elaborar aplicaciones hermen&#xE9;uticas para el int&#xE9;rprete contempor&#xE1;neo. El investigador se propone: En primer lugar, determinar la forma en que Pablo y Santiago usan G&#xE9;nesis 15.6. En segundo lugar, extraer las implicaciones hermen&#xE9;uticas para el int&#xE9;rprete contempor&#xE1;neo a partir de la forma en la que ellos utilizan dicho texto. La hip&#xF3;tesis de esta investigaci&#xF3;n indica que Pablo y Santiago utilizan G&#xE9;nesis 15.6 de manera fundamentalmente teol&#xF3;gica y no exeg&#xE9;tica. En consecuencia los int&#xE9;rpretes contempor&#xE1;neos encontrar&#xE1;n en este uso del texto un modelo en cuanto a las presuposiciones hermen&#xE9;uticas que deben operar en la tarea interpretativa y teol&#xF3;gica como as&#xED; tambi&#xE9;n un modelo en cuanto a c&#xF3;mo hacer teolog&#xED;a, pero no un modelo en cuanto a c&#xF3;mo hacer ex&#xE9;gesis. La literatura revisada permite detectar una tendencia hacia dos formas de entender el uso de textos del Antiguo Testamento en el Nuevo. Por un lado, un conjunto de eruditos, en general conservadores, asumen que el Nuevo Testamento siempre cita al Antiguo de manera exeg&#xE9;ticamente correcta, sin sacar los textos fuera de contexto o sin "leer" en ellos algo que no estaba all&#xED;. En t&#xE9;rminos generales, estos especialistas consideran que el Nuevo Testamento, al citar el Antiguo, lo hace utilizando una metodolog&#xED;a exeg&#xE9;tica hist&#xF3;rico gramatical. Por otro lado, otro conjunto de eruditos m&#xE1;s liberales consideran que el uso del Antiguo Testamento en el Nuevo refleja l metodolog&#xED;a exeg&#xE9;tica rab&#xED;nica de la &#xE9;poca. Entre estas posiciones hermen&#xE9;uticas fundamentales existen diversas posiciones intermedias que reflejan una falta de consenso acerca del asunto. Y sobre estas presuposiciones se ha elaborado un gran caudal de trabajos que buscan interpretar el fen&#xF3;meno del uso del Antiguo Testamento en el Nuevo. La falta de consenso se&#xF1;alada apunta hacia la necesidad de abordar el fen&#xF3;meno sobre presuposiciones provistas por la misma Biblia.</subfield>
  </datafield>
  <datafield tag="526" ind1=" " ind2=" ">
    <subfield code="a">SEG44</subfield>
  </datafield>
  <datafield tag="526" ind1=" " ind2=" ">
    <subfield code="a">SEG26</subfield>
  </datafield>
  <datafield tag="526" ind1=" " ind2=" ">
    <subfield code="a">P151</subfield>
  </datafield>
  <datafield tag="526" ind1=" " ind2=" ">
    <subfield code="a">P150</subfield>
  </datafield>
  <datafield tag="526" ind1=" " ind2=" ">
    <subfield code="a">P149</subfield>
  </datafield>
  <datafield tag="526" ind1=" " ind2=" ">
    <subfield code="a">P146</subfield>
  </datafield>
  <datafield tag="526" ind1=" " ind2=" ">
    <subfield code="a">P145</subfield>
  </datafield>
  <datafield tag="526" ind1=" " ind2=" ">
    <subfield code="a">P126</subfield>
  </datafield>
  <datafield tag="526" ind1=" " ind2=" ">
    <subfield code="a">P125</subfield>
  </datafield>
  <datafield tag="526" ind1=" " ind2=" ">
    <subfield code="a">P92</subfield>
  </datafield>
  <datafield tag="526" ind1=" " ind2=" ">
    <subfield code="a">P75</subfield>
  </datafield>
  <datafield tag="526" ind1=" " ind2=" ">
    <subfield code="a">P74</subfield>
  </datafield>
  <datafield tag="526" ind1=" " ind2=" ">
    <subfield code="a">P27</subfield>
  </datafield>
  <datafield tag="526" ind1=" " ind2=" ">
    <subfield code="a">P15</subfield>
  </datafield>
  <datafield tag="650" ind1="0" ind2="4">
    <subfield code="a">Justificaci&#xF3;n</subfield>
    <subfield code="x">Ense&#xF1;anza b&#xED;blica</subfield>
    <subfield code="v">Tesis.</subfield>
  </datafield>
  <datafield tag="650" ind1="0" ind2="4">
    <subfield code="a">Biblia</subfield>
    <subfield code="p">A.T.</subfield>
    <subfield code="p">G&#xE9;nesis 15.</subfield>
    <subfield code="x">Hermen&#xE9;utica b&#xED;blica</subfield>
    <subfield code="v">Tesis.</subfield>
  </datafield>
  <datafield tag="650" ind1="0" ind2="4">
    <subfield code="a">Biblia</subfield>
    <subfield code="p">N.T.</subfield>
    <subfield code="p">Ep&#xED;stolas</subfield>
    <subfield code="x">Hermen&#xE9;utica b&#xED;blica</subfield>
    <subfield code="v">Tesis.</subfield>
  </datafield>
  <datafield tag="596" ind1=" " ind2=" ">
    <subfield code="a">1</subfield>
  </datafield>
  <datafield tag="942" ind1=" " ind2=" ">
    <subfield code="2">ddc</subfield>
    <subfield code="c">TESIS</subfield>
  </datafield>
  <datafield tag="999" ind1=" " ind2=" ">
    <subfield code="a">TT 3 G79 2012</subfield>
    <subfield code="w">ALPHANUM</subfield>
    <subfield code="c">8158</subfield>
    <subfield code="i">T01290</subfield>
    <subfield code="l">CCODEBUL3</subfield>
    <subfield code="m">BUL</subfield>
    <subfield code="r">1</subfield>
    <subfield code="s">Y</subfield>
    <subfield code="t">TESIS</subfield>
    <subfield code="u">2015-12-10</subfield>
    <subfield code="x">POSGRADO</subfield>
    <subfield code="P">P85</subfield>
    <subfield code="o">.STAFF. Tesis</subfield>
    <subfield code="d">8158</subfield>
  </datafield>
  <datafield tag="980" ind1=" " ind2=" ">
    <subfield code="8">1</subfield>
    <subfield code="g">ALBERTO SANCHEZ Responsable de Automatizaci&#xF3;n</subfield>
  </datafield>
  <datafield tag="952" ind1=" " ind2=" ">
    <subfield code="r">2023-05-23 00:00:00</subfield>
    <subfield code="l">0</subfield>
    <subfield code="o">TT 3 G79 2012</subfield>
    <subfield code="p">T01290</subfield>
    <subfield code="t">e1</subfield>
    <subfield code="w">2015-12-10</subfield>
    <subfield code="x">PG</subfield>
    <subfield code="y">TESIS</subfield>
    <subfield code="z">Este &#xCD;tem NO se presta por ser Ejemplar #1.</subfield>
    <subfield code="1">0</subfield>
    <subfield code="2">ddc</subfield>
    <subfield code="7">1</subfield>
    <subfield code="8">TESIS</subfield>
    <subfield code="f">P85</subfield>
    <subfield code="a">BUL</subfield>
    <subfield code="b">BUL</subfield>
    <subfield code="c">TESIS</subfield>
    <subfield code="d">2015-12-10</subfield>
  </datafield>
</record>
